00326nam a2200145Ia 4500003000900000008004100009040001300050040001300063100001800076245001500094260002100109300000800130490000600138600003600144IT-RoPAU120407s9999 xx 000 0 und d aIT-RoPAU cIT-RoPAU aLuigi Civardi aFormazione aEdizioni Paoline c cm v1 acollana Pastorale - Magisterium